00622nam a2200181Ia 4500952014400000999001700144003000400161005001700165008004100182020001800223040000900241082001500250100004200265245005500307260003400362300000800396942003600404 00102ddc40708HISTORYaMESbMEScISLd2019-02-20g70.00l1m1o953 QAS/Pp38757r2023-08-24 10:38:16s2023-08-08w2019-02-20yBKzGL44R2 c23407d23407OSt20200320105519.0190216s9999||||xx |||||||||||||| ||und|| a9789380081205 coclc a953bQAS/P aQasimi, Sultan Bin Muhammed Al 92114 0aPagayude Roshagni /cSultan Bin Muhammed Al Qasimi bOther Books,c2013.aCalicut: a55p cBK2ddch953iQAS/Pk953mQAS/P